[Event "British Championship"]
[Site "Torquay"]
[Date "2009.08.01"]
[Round "6.17"]
[White "Gavriel, Tryfon"]
[Black "Lalic, Susan"]
[Result "1/2-1/2"]
[WhiteElo "2138"]
[BlackElo "2334"]
[PlyCount "83"]
[EventDate "2009.07.27"]
[EventRounds "11"]
[EventCountry "ENG"]

1. d4 e6 2. c4 Bb4+ 3. Nc3 f5 4. g4 Nf6 5. gxf5 Ne4 6. Qd3 exf5 7. Nf3 Qe7 8.
Bg2 d6 9. O-O Bxc3 10. bxc3 Nd7 11. c5 O-O 12. c4 dxc5 13. d5 a5 14. Bb2 Ra6
15. Ne1 Ne5 16. Qc2 Rh6 17. Bxe4 fxe4 18. Qxe4 Qg5+ 19. Ng2 Ng6 20. Bc1 Rh4 21.
Qxh4 Qe5 22. Qg3 Qxa1 23. h4 Qe5 24. Qxe5 Nxe5 25. Bf4 Re8 26. Ne3 b6 27. h5
Ba6 28. Rd1 Nxc4 29. Nxc4 Bxc4 30. Bxc7 Bxe2 31. Rd2 Bg4 32. Bxb6 Kf7 33. f3
Bd7 34. Bxc5 Re5 35. h6 gxh6 36. Kf2 h5 37. Bd6 Re8 38. Rd4 Kg6 39. Re4 Kf5 40.
Rxe8 Bxe8 41. Ke3 h4 42. Kd4 1/2-1/2

[Event "British Championship"]
[Site "Torquay"]
[Date "2009.08.01"]
[Round "6.18"]
[White "Salimbeni, George"]
[Black "Lewis, Andrew P"]
[Result "0-1"]
[WhiteElo "2115"]
[BlackElo "2281"]
[PlyCount "78"]
[EventDate "2009.07.27"]
[EventRounds "11"]
[EventCountry "ENG"]

1. e4 c5 2. c3 Nf6 3. e5 Nd5 4. d4 cxd4 5. Nf3 Nc6 6. Bc4 Nb6 7. Bb3 d5 8. exd6
e6 9. Nxd4 Nxd4 10. cxd4 Qh4 11. Be3 Bxd6 12. Nd2 Bd7 13. Nf3 Bb4+ 14. Kf1 Qe7
15. Ne5 Bb5+ 16. Kg1 O-O 17. h4 Rad8 18. a4 Be8 19. Bc2 f6 20. Qd3 g6 21. Ng4
Nd5 22. Bh6 Rf7 23. Be3 Kh8 24. h5 g5 25. Rf1 Bd6 26. Qb3 Bc6 27. Bg6 Rff8 28.
Bc2 Rc8 29. Bd2 Bf4 30. Ne3 Nxe3 31. fxe3 Bd5 32. Qd3 Bc4 33. Qe4 f5 34. Qf3
Bxf1 35. Bc3 Bd6 36. Kxf1 Bb4 37. Bxb4 Qxb4 38. Qd1 Qxb2 39. d5 Rxc2 0-1

[Event "British Championship"]
[Site "Torquay"]
[Date "2009.08.01"]
[Round "6.19"]
[White "Hanley, James L"]
[Black "McClement, Andrew"]
[Result "1-0"]
[WhiteElo "2277"]
[BlackElo "1893"]
[PlyCount "45"]
[EventDate "2009.07.27"]
[EventRounds "11"]
[EventCountry "ENG"]

1. e4 c5 2. Nc3 d6 3. f4 g6 4. Nf3 Bg7 5. Bc4 Nc6 6. O-O Nf6 7. d3 O-O 8. Qe1
a6 9. a4 e6 10. Kh1 Rb8 11. e5 Ne8 12. Bb3 Nd4 13. Nxd4 cxd4 14. Ne4 dxe5 15.
fxe5 Bxe5 16. Bg5 Qc7 17. Qh4 b6 18. Be7 Nd6 19. Bxf8 Nf5 20. Rxf5 exf5 21.
Nf6+ Kxf8 22. Qh6+ Ke7 23. Nd5+ 1-0

[Event "British Championship"]
[Site "Torquay"]
[Date "2009.08.01"]
[Round "6.20"]
[White "Shaw, Peter"]
[Black "White, Michael"]
[Result "1/2-1/2"]
[WhiteElo "2123"]
[BlackElo "2259"]
[PlyCount "136"]
[EventDate "2009.07.27"]
[EventRounds "11"]
[EventCountry "ENG"]

1. d4 Nf6 2. c4 g6 3. Nc3 Bg7 4. e4 d6 5. Nf3 O-O 6. Be2 Nbd7 7. Be3 Ng4 8. Bg5
h6 9. Bh4 c5 10. d5 g5 11. Bg3 Qa5 12. Qd2 Nge5 13. O-O Nxf3+ 14. Bxf3 Ne5 15.
Be2 Qb4 16. Nb1 Nd7 17. Nc3 Nb6 18. Qd3 Qxb2 19. Rac1 f5 20. f3 f4 21. Bf2 Nd7
22. Rc2 Ne5 23. Rxb2 Nxd3 24. Bxd3 Bxc3 25. Rb3 Be5 26. Rfb1 Kf7 27. Be2 e6 28.
g4 fxg3 29. hxg3 exd5 30. exd5 b6 31. Bd3 Kg7 32. Kg2 Rf7 33. Be3 Bh3+ 34. Kf2
Bg4 35. Be4 Raf8 36. Bd2 Bxf3 37. Rxf3 Rxf3+ 38. Bxf3 g4 39. Rb3 Bd4+ 40. Kg2
gxf3+ 41. Rxf3 Re8 42. Bf4 Be5 43. Re3 h5 44. Bxe5+ Rxe5 45. Rxe5 dxe5 46. Kf3
a6 47. Ke4 b5 48. d6 Kf7 49. Kd5 bxc4 50. Kxc4 e4 51. Kxc5 e3 52. Kc6 e2 53. d7
e1=Q 54. d8=Q Qe6+ 55. Kc5 Qxa2 56. Qc7+ Kg8 57. Qb8+ Kh7 58. Qc7+ Kg6 59. Qd6+
Kg7 60. Qe5+ Kf8 61. Qb8+ Ke7 62. Qd6+ Kf7 63. Qc7+ Kf6 64. Qf4+ Kg6 65. Qd6+
Kh7 66. Qc7+ Kh8 67. Qe5+ Kg8 68. Qb8+ Kg7 1/2-1/2

[Event "British Championship"]
[Site "Torquay"]
[Date "2009.08.01"]
[Round "6.21"]
[White "Ross, Chris"]
[Black "Bonafont, Philip"]
[Result "1/2-1/2"]
[WhiteElo "2203"]
[BlackElo "2124"]
[PlyCount "86"]
[EventDate "2009.07.27"]
[EventRounds "11"]
[EventCountry "ENG"]

1. d4 d5 2. c4 dxc4 3. Nf3 Nf6 4. Qa4+ Nc6 5. Nc3 Nd5 6. e4 Nb6 7. Qd1 Bg4 8.
d5 Ne5 9. Bf4 Bxf3 10. gxf3 Ng6 11. Bg3 e5 12. dxe6 fxe6 13. Qxd8+ Rxd8 14. a4
Bd6 15. a5 Nd7 16. a6 bxa6 17. Bxc4 Nde5 18. Bxe6 Nxf3+ 19. Kf1 Nf4 20. Ba2 Rf8
21. Nd5 c6 22. Nxf4 Bxf4 23. Kg2 Ne5 24. Rhd1 Ke7 25. Rxd8 Kxd8 26. Bb3 Kc7 27.
Rxa6 Kb7 28. Ra4 g5 29. Be6 Rd8 30. Ra5 Nd3 31. Bf5 h6 32. Kf3 Kb6 33. Ra3 Ne5+
34. Ke2 Rd2+ 35. Kf1 Rxb2 36. Be6 a5 37. Kg2 Kb5 38. Bxf4 gxf4 39. Rh3 Kb4 40.
Rxh6 a4 41. Rh8 a3 42. Rb8+ Kc3 43. Ra8 Kb4 1/2-1/2

[Event "British Championship"]
[Site "Torquay"]
[Date "2009.08.01"]
[Round "6.22"]
[White "Gill, Neville"]
[Black "Birtwistle, Nigel"]
[Result "1/2-1/2"]
[WhiteElo "2111"]
[BlackElo "2186"]
[PlyCount "85"]
[EventDate "2009.07.27"]
[EventRounds "11"]
[EventCountry "ENG"]

1. d4 Nf6 2. c4 c5 3. d5 b5 4. cxb5 a6 5. bxa6 g6 6. Nc3 Bxa6 7. e4 Bxf1 8.
Kxf1 d6 9. g3 Bg7 10. Kg2 O-O 11. Nf3 Nbd7 12. h3 Qb6 13. Re1 Rfb8 14. Re2 Qb7
15. Bg5 Nb6 16. Rc1 h6 17. Bf4 Nh5 18. Bd2 Nc4 19. b3 Nxd2 20. Qxd2 Ra3 21. e5
dxe5 22. Nxe5 e6 23. Nc4 Ra6 24. Kh2 Bxc3 25. Rxc3 Qxd5 26. Rd3 Qa8 27. a4 Kh7
28. Rd7 Rb7 29. Re3 Ng7 30. Red3 Rxd7 31. Rxd7 Ra7 32. Rxa7 Qxa7 33. Qd6 Nf5
34. Qb6 Qe7 35. a5 Nd4 36. Qd6 Qb7 37. Ne5 Qe4 38. f4 Qe2+ 39. Kg1 Qe1+ 40. Kg2
Qe2+ 41. Kg1 Qd1+ 42. Kg2 Qd2+ 43. Kh1 1/2-1/2

[Event "British Championship"]
[Site "Torquay"]
[Date "2009.08.01"]
[Round "6.23"]
[White "Sen, Subin"]
[Black "Fitzsimons, David"]
[Result "0-1"]
[WhiteElo "2093"]
[BlackElo "2167"]
[PlyCount "68"]
[EventDate "2009.07.27"]
[EventRounds "11"]
[EventCountry "ENG"]

1. Nf3 Nf6 2. c4 e6 3. g3 b6 4. Bg2 Bb7 5. O-O c5 6. Nc3 a6 7. Re1 d6 8. d4
cxd4 9. Qxd4 Be7 10. b3 Nbd7 11. Bb2 O-O 12. Rad1 Qc7 13. e4 Rfd8 14. h3 Rac8
15. Qe3 Qb8 16. Nh2 Qa8 17. Kh1 b5 18. cxb5 axb5 19. Nxb5 Qxa2 20. Bxf6 Nxf6
21. Ra1 Qb2 22. Rab1 Qe5 23. Nd4 d5 24. f4 Qb8 25. e5 Ne4 26. Bxe4 dxe4 27.
Red1 Bc5 28. b4 Bb6 29. Ng4 Rc4 30. f5 Rcxd4 31. Rxd4 Rxd4 32. Qg5 e3+ 33. Kg1
Rd1+ 34. Rxd1 e2+ 0-1

[Event "British Championship"]
[Site "Torquay"]
[Date "2009.08.01"]
[Round "6.24"]
[White "Varnam, Liam"]
[Black "Galliano, Alex"]
[Result "1-0"]
[WhiteElo "2167"]
[BlackElo "2050"]
[PlyCount "67"]
[EventDate "2009.07.27"]
[EventRounds "11"]
[EventCountry "ENG"]

1. e4 c5 2. Nf3 e6 3. d4 cxd4 4. Nxd4 Nc6 5. Nc3 Qc7 6. Be2 a6 7. a3 b5 8. Be3
Bb7 9. O-O Nf6 10. f4 Bc5 11. Qd3 b4 12. axb4 Nxb4 13. Qd2 Bxe4 14. Nxe4 Nxe4
15. Qd1 O-O 16. c3 Nd5 17. Qd3 Nxe3 18. Qxe3 d5 19. Kh1 Rfb8 20. Ra2 Rb6 21.
Bd3 e5 22. Bxe4 Bxd4 23. cxd4 Qc4 24. Rfa1 exd4 25. Qd3 Re8 26. Qxc4 dxc4 27.
Rxa6 Rxb2 28. Bc6 c3 29. Bxe8 c2 30. Rg1 Rb1 31. Ra1 Rxa1 32. Rxa1 d3 33. Bb5
d2 34. Ra8# 1-0

[Event "British Championship"]
[Site "Torquay"]
[Date "2009.08.01"]
[Round "6.25"]
[White "Lemoir, David A"]
[Black "Eden, Tomer"]
[Result "0-1"]
[WhiteElo "2009"]
[BlackElo "2157"]
[PlyCount "80"]
[EventDate "2009.07.27"]
[EventRounds "11"]
[EventCountry "ENG"]

1. e4 c6 2. c4 d5 3. cxd5 cxd5 4. exd5 Nf6 5. Nc3 Nxd5 6. d4 Nc6 7. Nf3 Bg4 8.
Qb3 Bxf3 9. gxf3 e6 10. Be3 Nxe3 11. fxe3 Qh4+ 12. Ke2 O-O-O 13. Rc1 Kb8 14.
Nb5 Bb4 15. a3 a6 16. axb4 axb5 17. Qd3 e5 18. d5 Qxb4 19. Rc2 g6 20. Bg2 f5
21. Ra1 Na5 22. b3 b6 23. Kf2 Rc8 24. Bf1 Rxc2+ 25. Qxc2 Rc8 26. Qb2 Qc3 27.
Qxc3 Rxc3 28. b4 Nc4 29. Rb1 Rc2+ 30. Be2 e4 31. fxe4 fxe4 32. Rd1 Kc7 33. Rd4
Nd6 34. Ke1 Rb2 35. Kf1 Kd7 36. Bg4+ Ke7 37. h3 Kf6 38. Bd7 Kg5 39. Be6 Kh4 40.
Kg1 Kg3 0-1

[Event "British Championship"]
[Site "Torquay"]
[Date "2009.08.01"]
[Round "6.26"]
[White "Rudd, Jack"]
[Black "Hegarty, Sarah"]
[Result "1-0"]
[WhiteElo "2326"]
[BlackElo "2098"]
[PlyCount "65"]
[EventDate "2009.07.27"]
[EventRounds "11"]
[EventCountry "ENG"]

1. d4 Nf6 2. c4 g6 3. Nc3 d5 4. f3 c5 5. dxc5 d4 6. Nb5 e5 7. Bg5 Nbd7 8. b4 h6
9. Bd2 Nh5 10. g3 f5 11. e3 a6 12. Nd6+ Bxd6 13. cxd6 Qf6 14. c5 dxe3 15. Bxe3
f4 16. Bf2 fxg3 17. hxg3 Rh7 18. Bd3 Rf7 19. Be4 Qg7 20. Qc2 Rf6 21. c6 bxc6
22. Qxc6 Rb8 23. Ba7 Bb7 24. Qc7 Bxe4 25. Bxb8 Bf5 26. g4 e4 27. gxf5 Rxd6 28.
Qc8+ Kf7 29. fxg6+ Kxg6 30. Qe8+ Kh7 31. Qxe4+ Kh8 32. Bxd6 Qxa1+ 33. Kf2 1-0

[Event "British Championship"]
[Site "Torquay"]
[Date "2009.08.01"]
[Round "6.27"]
[White "Anderson, John"]
[Black "Adair, James"]
[Result "0-1"]
[WhiteElo "2248"]
[BlackElo "2124"]
[PlyCount "98"]
[EventDate "2009.07.27"]
[EventRounds "11"]
[EventCountry "ENG"]

1. d4 Nf6 2. c4 e6 3. Nc3 Bb4 4. Bg5 c5 5. Rc1 cxd4 6. Qxd4 h6 7. Bxf6 Qxf6 8.
Qxf6 gxf6 9. g3 Nc6 10. Bg2 b6 11. a3 Be7 12. Nf3 Bb7 13. Nd4 Na5 14. Bxb7 Nxb7
15. O-O Rc8 16. Nb1 f5 17. Rfd1 h5 18. b3 h4 19. Nf3 Nc5 20. b4 Ne4 21. Nbd2
hxg3 22. hxg3 a5 23. Nxe4 fxe4 24. Ne5 d6 25. Ng4 f5 26. Ne3 axb4 27. axb4 Ra8
28. Ra1 Kd7 29. Kg2 Bf6 30. Rxa8 Rxa8 31. c5 bxc5 32. bxc5 d5 33. Nxd5 exd5 34.
Rxd5+ Ke6 35. Rd6+ Kf7 36. f4 Ra2 37. Kf1 Be7 38. Rd5 Ke6 39. Re5+ Kf6 40. g4
fxg4 41. Rxe4 Bxc5 42. Re5 Ra1+ 43. Kg2 Rg1+ 44. Kh2 g3+ 45. Kh3 Bd6 46. Re8
Bxf4 47. Kg4 Rf1 48. Kh3 Rf2 49. Rg8 Rxe2 0-1

[Event "British Championship"]
[Site "Torquay"]
[Date "2009.08.01"]
[Round "6.28"]
[White "Smith, Graham M"]
[Black "Khandelwal, Ankush"]
[Result "0-1"]
[WhiteElo "2119"]
[BlackElo "2160"]
[PlyCount "66"]
[EventDate "2009.07.27"]
[EventRounds "11"]
[EventCountry "ENG"]

1. d4 f5 2. c4 Nf6 3. Nc3 g6 4. h4 Bg7 5. h5 Nxh5 6. Rxh5 gxh5 7. e4 O-O 8. Bd3
e6 9. Qxh5 c5 10. exf5 exf5 11. Nge2 Qe8 12. Qh3 Nc6 13. Nd5 Qg6 14. f3 d6 15.
Bf4 cxd4 16. O-O-O Be6 17. Nc7 Nb4 18. Nxa8 Nxd3+ 19. Rxd3 Bxc4 20. Rd2 Rxa8
21. Nxd4 Rc8 22. Kb1 Qe8 23. Qg3 Kh8 24. Nxf5 Bxa2+ 25. Kxa2 Qe6+ 26. b3 Qxf5
27. Qg5 Rc2+ 28. Rxc2 Qxc2+ 29. Ka3 Qb2+ 30. Ka4 Qd4+ 31. b4 Bf6 32. Qf5 Qa1+
33. Kb3 Qb2+ 0-1

[Event "British Championship"]
[Site "Torquay"]
[Date "2009.08.01"]
[Round "6.29"]
[White "Rocks, Daniel"]
[Black "Warman, Simon M"]
[Result "0-1"]
[WhiteElo "2037"]
[BlackElo "2156"]
[PlyCount "110"]
[EventDate "2009.07.27"]
[EventRounds "11"]
[EventCountry "ENG"]

1. d4 c5 2. d5 d6 3. e4 Nf6 4. Nc3 g6 5. Bb5+ Nfd7 6. a4 Na6 7. Nf3 Bg7 8. O-O
O-O 9. Bf4 Nc7 10. Bd3 Nf6 11. Qd2 Re8 12. Bh6 Bh8 13. h3 e6 14. dxe6 Bxe6 15.
Ng5 d5 16. exd5 Ncxd5 17. Nxe6 Rxe6 18. Nxd5 Qxd5 19. Rad1 c4 20. Be2 Qxd2 21.
Rxd2 Ne4 22. Rd7 Nc5 23. Rd2 c3 24. bxc3 Bxc3 25. Rd5 Nxa4 26. Bf3 Rae8 27. Rd7
R6e7 28. Rxb7 Rxb7 29. Bxb7 Nc5 30. Bc6 Rc8 31. Bd5 a5 32. Rb1 a4 33. Bc1 Rd8
34. Bf3 Ne6 35. Ba3 Nd4 36. Be4 Ne2+ 37. Kf1 Nf4 38. Bc6 Rd2 39. Bc5 a3 40.
Bxa3 Bd4 41. Ke1 Re2+ 42. Kf1 Rxf2+ 43. Ke1 Rxc2 44. Bf3 Nxg2+ 45. Bxg2 Rxg2
46. Rb3 Kg7 47. Kf1 Rf2+ 48. Ke1 Rh2 49. Rd3 Be5 50. Be7 h5 51. Kf1 Rc2 52. Bg5
Bf6 53. Bd2 h4 54. Ke2 Bg5 55. Kd1 Rxd2+ 0-1

[Event "British Championship"]
[Site "Torquay"]
[Date "2009.08.01"]
[Round "6.30"]
[White "Dines, Sheila"]
[Black "Griffiths, Ryan-Rhys"]
[Result "0-1"]
[WhiteElo "1936"]
[BlackElo "2137"]
[PlyCount "92"]
[EventDate "2009.07.27"]
[EventRounds "11"]
[EventCountry "ENG"]

1. e4 c5 2. Nf3 d6 3. d4 cxd4 4. Nxd4 Nf6 5. Nc3 a6 6. f3 e5 7. Nb3 Be6 8. Be3
Be7 9. Be2 O-O 10. O-O Nbd7 11. Nd5 Nxd5 12. exd5 Bf5 13. f4 Rc8 14. c4 exf4
15. Bxf4 Bg6 16. Kh1 Re8 17. Bd3 Nb6 18. Rc1 Bf6 19. Rf2 Na4 20. Bxg6 hxg6 21.
Nd4 Re4 22. Qxa4 Bxd4 23. Qc2 Qe7 24. Rff1 Re8 25. b3 Re2 26. Qd3 Bc5 27. Rc2
Re1 28. Rc1 Re2 29. Rc2 Re1 30. Rc1 Re4 31. h3 g5 32. Bh2 g4 33. hxg4 Rxg4 34.
Qf5 Rg5 35. Qf3 g6 36. Rc2 Rf5 37. Qd1 Rh5 38. Rc3 Qe4 39. Rcf3 Qe5 40. Rh3
Rxh3 41. gxh3 Qe4+ 42. Qf3 Qxf3+ 43. Rxf3 Re1+ 44. Kg2 Re2+ 45. Kg3 Bd4 46. Kg4
Rxh2 0-1

[Event "British Championship"]
[Site "Torquay"]
[Date "2009.08.01"]
[Round "6.31"]
[White "Reynolds, D Ian W"]
[Black "McPhillips, Karl"]
[Result "1-0"]
[WhiteElo "2092"]
[BlackElo "2231"]
[PlyCount "87"]
[EventDate "2009.07.27"]
[EventRounds "11"]
[EventCountry "ENG"]

1. e4 c5 2. c3 d5 3. exd5 Qxd5 4. d4 Nc6 5. Nf3 cxd4 6. cxd4 e5 7. Nc3 Bb4 8.
Bd2 Bxc3 9. Bxc3 e4 10. Nd2 Nf6 11. Bc4 Qg5 12. Qb3 O-O 13. d5 e3 14. O-O-O
exd2+ 15. Bxd2 Qxg2 16. Rhg1 Qe4 17. Rde1 Nd4 18. Qc3 Qc2+ 19. Qxc2 Nxc2 20.
Kxc2 Bf5+ 21. Kb3 b5 22. Bxb5 Rab8 23. Ka4 a6 24. Bc4 Nd7 25. Be3 Ne5 26. Rc1
g6 27. b3 a5 28. Bf4 Bd7+ 29. Ka3 Nxc4+ 30. Rxc4 Rb5 31. Rd1 Re8 32. Rc7 Bg4
33. Rd2 Rd8 34. d6 g5 35. Be3 Be6 36. Rc5 Rxc5 37. Bxc5 Bd7 38. Bb6 Ra8 39. Rd5
a4 40. Rxg5+ Kf8 41. b4 Re8 42. Be3 Re6 43. Rd5 Bc6 44. d7 1-0

[Event "British Championship"]
[Site "Torquay"]
[Date "2009.08.01"]
[Round "6.32"]
[White "Tunks, Dominic"]
[Black "Burrows, Martin"]
[Result "1-0"]
[WhiteElo "2083"]
[BlackElo "2209"]
[PlyCount "73"]
[EventDate "2009.07.27"]
[EventRounds "11"]
[EventCountry "ENG"]

1. Nf3 Nf6 2. d4 e6 3. Bg5 c5 4. Nc3 cxd4 5. Nxd4 a6 6. g3 Be7 7. Bg2 d5 8. Nb3
O-O 9. Qd2 Nc6 10. O-O-O h6 11. Bxf6 Bxf6 12. e4 d4 13. Ne2 e5 14. f4 Bg4 15.
Kb1 Rc8 16. Rc1 Bxe2 17. Qxe2 Qb6 18. Bf1 Rc7 19. h4 Rfc8 20. Rh2 Nb4 21. Qf3
a5 22. a4 Rd8 23. Bb5 Nc6 24. Nd2 Na7 25. Bd3 Qb4 26. Rf1 Qxa4 27. g4 exf4 28.
g5 hxg5 29. e5 Bxe5 30. Qe4 Re8 31. hxg5 g6 32. Rfh1 Bg7 33. Qxf4 Rce7 34. Ne4
Nc6 35. Rh8+ Bxh8 36. Rxh8+ Kxh8 37. Qh4+ 1-0

[Event "British Championship"]
[Site "Torquay"]
[Date "2009.08.01"]
[Round "6.34"]
[White "Raoof, Adam"]
[Black "De Coverly, Roger"]
[Result "1-0"]
[WhiteElo "2144"]
[BlackElo "2127"]
[PlyCount "65"]
[EventDate "2009.07.27"]
[EventRounds "11"]
[EventCountry "ENG"]

1. d4 Nf6 2. c4 g6 3. Nc3 Bg7 4. Nf3 d6 5. Bg5 O-O 6. e3 c6 7. Be2 Qa5 8. O-O
Bg4 9. Bh4 Nbd7 10. a3 a6 11. b4 Qc7 12. h3 Bxf3 13. Bxf3 Rfe8 14. Bg3 Nf8 15.
Rc1 Qd7 16. Qb3 h6 17. Be2 N8h7 18. f4 d5 19. cxd5 Nxd5 20. Nxd5 cxd5 21. Rc5
e6 22. Rfc1 Rac8 23. Qc2 Rxc5 24. bxc5 Qc6 25. Rb1 Nf6 26. Bd3 Ne4 27. Rb6 Qd7
28. Bxe4 dxe4 29. Qxe4 Re7 30. Bh4 f5 31. Qd3 Re8 32. Qb3 Bxd4 33. Rd6 1-0

[Event "British Championship"]
[Site "Torquay"]
[Date "2009.08.01"]
[Round "6.35"]
[White "Yeo, Michael J"]
[Black "Littlewood, John Eric"]
[Result "1-0"]
[WhiteElo "2136"]
[BlackElo "2188"]
[PlyCount "35"]
[EventDate "2009.07.27"]
[EventRounds "11"]
[EventCountry "ENG"]

1. e4 e5 2. Nf3 d6 3. d4 exd4 4. Qxd4 Nf6 5. e5 Qe7 6. Be3 dxe5 7. Nxe5 Qb4+ 8.
Nc3 Nbd7 9. O-O-O Qxd4 10. Bxd4 Be7 11. Nb5 Bd8 12. Nxd7 Bxd7 13. Bxf6 gxf6 14.
Bc4 a6 15. Rhe1+ Be6 16. Nd4 Be7 17. Bxe6 fxe6 18. Nxe6 1-0

[Event "British Championship"]
[Site "Torquay"]
[Date "2009.08.01"]
[Round "6.36"]
[White "Addison, Bret"]
[Black "Garnett, John S"]
[Result "1-0"]
[WhiteElo "2266"]
[BlackElo "2059"]
[PlyCount "91"]
[EventDate "2009.07.27"]
[EventRounds "11"]
[EventCountry "ENG"]

1. d4 Nf6 2. c4 Nc6 3. Nc3 e5 4. d5 Ne7 5. Nf3 Ng6 6. h4 h5 7. Bg5 Be7 8. e3 d6
9. Qc2 O-O 10. Bd3 Qe8 11. Nb5 e4 12. Bxe4 Nxe4 13. Qxe4 Qd8 14. Bxe7 Nxe7 15.
Nbd4 Re8 16. Qc2 c6 17. dxc6 bxc6 18. O-O c5 19. Nb5 Nf5 20. e4 Nxh4 21. Nxh4
Qxh4 22. Nxd6 Re6 23. Nxc8 Rxc8 24. f3 Rce8 25. Qf2 Qe7 26. Rad1 f5 27. Rd5
fxe4 28. fxe4 Rxe4 29. Qxc5 Qe6 30. Rdf5 Re1 31. Qd5 Qxd5 32. Rxd5 R1e2 33. Rf2
Re1+ 34. Kh2 Rc1 35. b3 h4 36. Rd4 g5 37. Rf5 Kg7 38. Rxg5+ Kf6 39. Rh5 Ree1
40. Rf4+ Kg6 41. Rhxh4 Kg5 42. Rhg4+ Kh5 43. Rg8 Rh1+ 44. Kg3 Rc3+ 45. Rf3 Rc2
46. Rh8+ 1-0

[Event "British Championship"]
[Site "Torquay"]
[Date "2009.08.01"]
[Round "6.37"]
[White "McDonnell, James J"]
[Black "Green, Andrew"]
[Result "0-1"]
[WhiteElo "2023"]
[BlackElo "2203"]
[PlyCount "138"]
[EventDate "2009.07.27"]
[EventRounds "11"]
[EventCountry "ENG"]

1. e4 Nf6 2. e5 Nd5 3. d4 d6 4. c4 Nb6 5. exd6 exd6 6. Nc3 Nc6 7. Be3 Be7 8.
Nf3 O-O 9. Be2 Bg4 10. O-O Bxf3 11. gxf3 d5 12. c5 Nc8 13. Kh1 Bf6 14. b4 Re8
15. a3 a6 16. Qd2 N8e7 17. Bd3 Qd7 18. Ne2 Qh3 19. f4 Qf3+ 20. Kg1 Ng6 21. Bxg6
hxg6 22. Ng3 Rad8 23. Rfe1 Qg4 24. Kg2 Bh4 25. f3 Qd7 26. Bf2 Bf6 27. Rab1 Rxe1
28. Rxe1 Re8 29. Rb1 Na7 30. Qc2 Nc6 31. Qd2 Ne7 32. Qc2 Kh7 33. Rh1 Rh8 34.
Qd3 Kg8 35. h3 Kf8 36. Rh2 Ke8 37. Rh1 Kd8 38. Rh2 Kc8 39. Rh1 Bh4 40. Rh2 Bxg3
41. Bxg3 Nf5 42. Rh1 Kb8 43. Bf2 Kc8 44. Be1 Qe6 45. Bf2 Qf6 46. Qd2 Rh5 47.
Qe2 Rh8 48. Qd2 Kd7 49. Qa2 Ne7 50. Qd2 Rh5 51. Re1 Qf5 52. h4 Qf6 53. Re5 Nc6
54. Rxh5 gxh5 55. a4 Ne7 56. Qd3 Qg6+ 57. Qxg6 Nxg6 58. Kg3 Ke6 59. b5 c6 60.
bxa6 bxa6 61. Be1 Kf5 62. Bd2 Nf8 63. Be3 Ne6 64. Kf2 Nxf4 65. Bd2 f6 66. Ba5
g5 67. hxg5 fxg5 68. Bd2 h4 69. Be3 Nd3+ 0-1

[Event "British Championship"]
[Site "Torquay"]
[Date "2009.08.01"]
[Round "6.38"]
[White "Taylor, Geoffrey P"]
[Black "Mueller, Jan"]
[Result "0-1"]
[WhiteElo "2003"]
[BlackElo "2149"]
[PlyCount "70"]
[EventDate "2009.07.27"]
[EventRounds "11"]
[EventCountry "ENG"]

1. e4 c5 2. Nf3 d6 3. d4 cxd4 4. Nxd4 Nf6 5. Nc3 g6 6. Be3 Bg7 7. f3 O-O 8. Qd2
Nc6 9. Bc4 Bd7 10. O-O-O Rb8 11. Bb3 Na5 12. Bh6 b5 13. Bxg7 Kxg7 14. h4 h5 15.
Nd5 Nc4 16. Qe2 e5 17. Nxf6 Qxf6 18. Nxb5 Nxb2 19. Kxb2 Bxb5 20. Qd2 Rb6 21.
Ka1 Rc8 22. Qe3 Bc4 23. Rd2 Qe6 24. Rg1 Rbc6 25. Kb1 a5 26. Bxc4 Qxc4 27. Ka1
Rb8 28. Qa3 Qb5 29. Rgd1 Rcb6 30. Qb3 Qc5 31. Qd3 a4 32. c3 Qa3 33. Qc4 Rb5 34.
Rc2 Rb2 35. f4 Rxc2 0-1

[Event "British Championship"]
[Site "?"]
[Date "2009.08.03"]
[Round "7.1"]
[White "Howell, David"]
[Black "Wells, Peter K"]
[Result "1-0"]
[WhiteElo "2614"]
[BlackElo "2498"]
[PlyCount "76"]
[EventDate "2009.08.03"]

1. e4 c5 2. Nf3 Nc6 3. d4 cxd4 4. Nxd4 Nf6 5. Nc3 d6 6. Bg5 e6 7. Qd2 Be7 8.
O-O-O a6 9. f3 Nxd4 10. Qxd4 O-O 11. h4 b5 12. g4 Bb7 13. Kb1 Rc8 14. Qd2 b4
15. Bxf6 Bxf6 16. Ne2 Qa5 17. g5 Be5 18. Nc1 d5 19. f4 Bxb2 20. Kxb2 dxe4 21.
Rh3 Bd5 22. Nb3 Qb6 23. h5 Rfd8 24. Qe3 Qc7 25. Rh2 a5 26. Bb5 a4 27. Bxa4 Ra8
28. Bb5 Ra3 29. h6 Rda8 30. Ra1 e5 31. hxg7 exf4 32. Qd4 Rd8 33. Rxh7 Qc3+ 34.
Qxc3 bxc3+ 35. Kxa3 Kxh7 36. Kb4 Kxg7 37. Kxc3 Rc8+ 38. Kd4 Ba8 1-0

[Event "British Championship"]
[Site "?"]
[Date "2009.08.03"]
[Round "7.2"]
[White "Jones, Gawain C"]
[Black "Trent, Lawrence"]
[Result "1-0"]
[WhiteElo "2554"]
[BlackElo "2471"]
[PlyCount "77"]
[EventDate "2009.08.03"]

1. d4 Nf6 2. c4 e6 3. Nc3 Bb4 4. f3 O-O 5. a3 Bxc3+ 6. bxc3 Nh5 7. Nh3 f5 8.
Nf2 d6 9. e4 Qe8 10. Bd3 e5 11. O-O f4 12. c5 dxc5 13. Qb3+ Kh8 14. a4 b6 15.
dxc5 Be6 16. Bc4 Bxc4 17. Qxc4 Qf7 18. Qd5 Qxd5 19. exd5 Nf6 20. Ba3 Re8 21. c4
bxc5 22. Rab1 Na6 23. Nd3 Nd7 24. Rfe1 Kg8 25. Rb5 Rab8 26. Kf1 g5 27. Re4 Rb6
28. Bb2 Nb4 29. Nxe5 Nxe5 30. Rxe5 Rxe5 31. Bxe5 c6 32. Rxb6 axb6 33. dxc6 Nxc6
34. Bc7 Na5 35. Bxb6 Nxc4 36. Bd8 h6 37. a5 Nd6 38. Bb6 Nb5 39. a6 1-0

[Event "British Championship"]
[Site "?"]
[Date "2009.08.03"]
[Round "7.3"]
[White "Gormally, Daniel"]
[Black "Gordon, Stephen"]
[Result "1/2-1/2"]
[WhiteElo "2490"]
[BlackElo "2537"]
[PlyCount "49"]
[EventDate "2009.08.03"]

1. e4 c5 2. Nf3 e6 3. d4 cxd4 4. Nxd4 Nc6 5. Nc3 Qc7 6. Be2 a6 7. O-O Nf6 8.
Kh1 Nxd4 9. Qxd4 Bc5 10. Qd3 b5 11. f4 Bb7 12. Bf3 O-O 13. e5 Ne8 14. Bxb7 Qxb7
15. Ne4 Rc8 16. f5 f6 17. fxe6 dxe6 18. exf6 Nxf6 19. Nxf6+ Rxf6 20. Rxf6 gxf6
21. Bh6 Bf8 22. Bxf8 Rxf8 23. Re1 Qd5 24. Qxd5 exd5 25. Kg1 1/2-1/2

[Event "British Championship"]
[Site "?"]
[Date "2009.08.03"]
[Round "7.4"]
[White "Williams, Simon Kim"]
[Black "Hebden, Mark"]
[Result "1-0"]
[WhiteElo "2527"]
[BlackElo "2468"]
[PlyCount "63"]
[EventDate "2009.08.03"]

1. d4 Nf6 2. c4 g6 3. Nc3 Bg7 4. e4 d6 5. f4 O-O 6. Nf3 Na6 7. Bd3 e5 8. fxe5
dxe5 9. d5 c6 10. O-O Nc5 11. Bc2 cxd5 12. cxd5 b6 13. b4 Nb7 14. Bg5 Qd6 15.
a3 Bd7 16. Bd3 Rfc8 17. Rc1 a5 18. Qb3 axb4 19. axb4 Nh5 20. Nb5 Qf8 21. Nc7
Rab8 22. Ba6 Nf4 23. Bxf4 exf4 24. e5 Bg4 25. d6 Rd8 26. Ng5 Rd7 27. Rxf4 Nxd6
28. exd6 Qxd6 29. Rxf7 Rxf7 30. Qxf7+ Kh8 31. Bc4 Qf6 32. Ne8 1-0

[Event "British Championship"]
[Site "?"]
[Date "2009.08.03"]
[Round "7.5"]
[White "Sowray, Peter J"]
[Black "Conquest, Stuart"]
[Result "0-1"]
[WhiteElo "2335"]
[BlackElo "2572"]
[PlyCount "70"]
[EventDate "2009.08.03"]

1. e4 c5 2. Nf3 e6 3. d4 cxd4 4. Nxd4 Nc6 5. Nc3 d6 6. Be2 Nf6 7. O-O Be7 8.
Be3 O-O 9. Nb3 b6 10. f4 Bb7 11. Bf3 Rc8 12. Qe2 Nd7 13. Rfd1 a6 14. a4 Qc7 15.
Bf2 Nc5 16. Nd2 Nb4 17. Nf1 Rfe8 18. Ng3 Bf8 19. Qc4 Nc6 20. Rd2 Na5 21. Qa2
Nd7 22. Nd1 Nc4 23. Re2 d5 24. e5 g5 25. fxg5 Ncxe5 26. Qb3 Qc4 27. Qxc4 Nxf3+
28. gxf3 Rxc4 29. Nh5 d4 30. Kg2 e5 31. b3 Rcc8 32. Ng3 Nc5 33. Ne4 Nxe4 34.
fxe4 Rxc2 35. Re1 Bb4 0-1